|
|
|
|
| LEADER |
01789nam a2200373 a 4500 |
| 001 |
25773 |
| 003 |
BD-DhAAL |
| 008 |
120801r20052003bg b 001 0deng d |
| 999 |
|
|
|c 12649
|d 12649
|
| 010 |
|
|
|a 2003328043
|
| 020 |
|
|
|a 9840516663
|
| 020 |
|
|
|a 9789845061254
|
| 035 |
|
|
|a (DLC) 2003328043
|
| 040 |
|
|
|a DLC
|c DLC
|d BD-DhAAL
|
| 042 |
|
|
|a lcode
|
| 043 |
|
|
|a a-bg---
|
| 082 |
0 |
4 |
|a 330.209549205
|2 22
|
| 100 |
1 |
|
|a Islam, Nurul,
|d 1929-
|9 40085
|
| 245 |
1 |
0 |
|a Making of a nation, Bangladesh :
|b an economist's tale /
|c Nurul Islam.
|
| 260 |
|
|
|a Dhaka :
|b University Press Limited,
|c 2003 [reprinted 2005, fourth impression 2021].
|
| 300 |
|
|
|a xix, 482 pages ;
|c 22 cm.
|
| 504 |
|
|
|a Includes bibliographical references and index.
|
| 526 |
|
|
|a GenEd
|
| 541 |
1 |
|
|a Book Finder International
|e 25773, 39442, 39500
|
| 600 |
1 |
0 |
|a Islam, Nurul,
|d 1929-
|9 40085
|
| 650 |
|
|
|a Economics.
|9 51052
|
| 651 |
|
0 |
|a Bangladesh
|x Economic conditions
|y 20th century.
|9 40086
|
| 651 |
|
0 |
|a Bangladesh
|x Economic policy.
|9 40087
|
| 651 |
|
0 |
|a Bangladesh
|x History
|y Revolution, 1971
|v Personal narratives.
|9 40088
|
| 852 |
1 |
|
|a Ayesha Abed Library
|c General Stacks
|
| 942 |
|
|
|2 ddc
|c BK
|
| 952 |
|
|
|0 0
|1 0
|2 ddc
|4 0
|6 330_209549205000000_ISL
|7 0
|9 20879
|a IGS
|b IGS
|c GEN
|d 2012-08-01
|e The University Press Limited
|g 550.00
|l 1
|m 2
|o 330.209549205 ISL
|p 3010025773
|r 2014-06-09
|s 2013-02-14
|t 1
|w 2012-08-01
|y BK
|
| 952 |
|
|
|0 0
|1 0
|2 ddc
|4 0
|6 330_209549205000000_ISL
|7 0
|9 71491
|a SCL
|b SCL
|c GEN
|d 2022-08-03
|e Book Finder International
|g 563.11
|l 5
|m 2
|o 330.209549205 ISL
|p 3020039442
|r 2025-09-16
|s 2025-08-30
|t 2
|v 0.00
|w 2022-08-03
|y BK
|
| 952 |
|
|
|0 0
|1 0
|2 ddc
|4 0
|6 330_209549205000000_ISL
|7 0
|9 71492
|a SCL
|b SCL
|c GEN
|d 2022-08-03
|e Book Finder International
|g 563.11
|l 3
|o 330.209549205 ISL
|p 3020039500
|r 2024-04-21
|s 2024-04-02
|t 3
|v 0.00
|w 2022-08-03
|y BK
|